Joueurs français ayant joué à West Ham United - Statistiques

Statistiques générales
  • Ce quiz a été pris 34 fois
  • Le résultat moyen est 5 sur 24
Statistiques - réponses
Année d'arrivée Année de départ Club précédant Club suivant Nombre de match Joueurs % Correct
2015 2017 Olympique de Marseille Olympique de Marseille 60 Dimitri Payet
100%
2021 En cours Paris Saint-Germain En cous 126 Alphonse Areola
81%
2026 2026 Chelsea FC Chelsea FC 10 Axel Disasi
81%
2024 2025 OGC Nice OGC Nice 51 Jean-Clair Todibo
72%
2021 2025 Chelsea FC CFR Cluj 103 Kurt Zouma
59%
2019 2019 Suspension RSC Anderlecht 6 Samir Nasri
34%
2018 2018 Sans Club Fin de carrière 5 Patrice Evra
28%
2025 En cours AS Monaco En cours 24 Soungoutou Magassa
16%
2025 En cours West Ham United U21 En cours 11 Mohamadou Kanté
13%
2012 2014 Olympique de Marseille Sans Club 14 Alou Diarra
6%
1997 1998 Paris Saint-Germain Paris Saint-Germain 14 Bernard Lama
3%
2002 2003 Paris Saint-Germain Paris Saint-Germain 28 Edouard Cissé
3%
2014 2015 Olympique de Marseille Sans Club 32 Morgan Amalfitano
3%
2000 2001 Stade Rennais FC Stade Rennais FC 4 Christian Bassila
0%
2005 2006 Manchester United Manchester United 10 David Bellion
0%
1997 1998 FC Metz Newcastle United 1 David Terrier
0%
2005 2006 Arsenal FC Arsenal FC 8 Jérémie Aliadière
0%
2001 2003 Toulouse FC Istres FC 8 Laurent Courtois
0%
1998 2001 Karlsruher FC Blackburn Rovers 55 Marc Keller
0%
1998 1998 AC Ajaccio AFC Bornemouth 0 Mohammed Berthé
0%
1997 2000 AS Cannes AC Ajaccio 31 Samassi Abou
0%
2001 2003 FC Metz FC Portsmouth 73 Sébastien Schemmel
0%
2005 2006 Le Mans FC Tours FC 0 Sekou Baradji
0%
2002 2005 AJ Auxerre B Coventry City 2 Youssef Sofiane
0%
Aucun quiz correspondant
Distribution des résultats
% des personnes avec chaque résultat
Percentile par nombre de réponses
Votre historique - résultats
Vous n’avez pas pris ce quiz